Greece's European policy making
Αποθηκεύτηκε σε:
| Κύριος συγγραφέας: | |
|---|---|
| Συγγραφή απο Οργανισμό/Αρχή: | |
| Μορφή: | Βιβλίο |
| Γλώσσα: | English |
| Δημοσίευση: |
[London] :
Hellenic Observatory,
2012
|
| Σειρά: | GreeSE Paper ;
; 63 |
| Θέματα: | |
| Ετικέτες: |
Προσθήκη ετικέτας
Δεν υπάρχουν, Καταχωρήστε ετικέτα πρώτοι!
|
MARC
| LEADER | 00000cam a2200000 i 4500 | ||
|---|---|---|---|
| 001 | 1/37593 | ||
| 008 | 131024s2012 eng d | ||
| 035 | |l 10115862 | ||
| 040 | |a GR-MY-UA |b gre |e aacr | ||
| 041 | 0 | |a eng | |
| 082 | 0 | |a 320.9495 |2 (22) | |
| 100 | 1 | |a Βαληνάκης, Γιάννης Γ., |d 1955- | |
| 245 | 1 | 0 | |a Greece's European policy making / |c Yannis Valinakis ; The Hellenic Observatory. The European Institute. The London School of Economics and Political Science |
| 260 | |a [London] : |b Hellenic Observatory, |c 2012 | ||
| 300 | |a 49 σ.; |c 21 εκ. | ||
| 490 | 1 | |a GreeSE Paper |v ; 63 | |
| 504 | |a Βιβλιογραφία: σ. 47-49 | ||
| 651 | 0 | |a European Union countries |x Relations |z Greece. | |
| 651 | 0 | |a Greece |x Economic policy |y 1974- | |
| 651 | 0 | |a Greece |x Politics and government |y 1974- | |
| 651 | 0 | |a Greece |x Foreign relations. | |
| 710 | 2 | |a European Institute (London School of Economics and Political Science) |b Hellenic Observatory. | |
| 830 | 0 | |a GreeSE Paper ; |v ; 63 | |
| 852 | |a INST |b RHODES |e 20131024 |h 320.9495 ΒΑΛ |p 005400035719 |q 005400035719 |t BK |y 0 | ||
| 852 | |a INST |b RHODES |e 20131024 |h 320.9495 ΒΑΛ |p 005400035720 |q 005400035720 |t BK |y 0 | ||
| 901 | |a BIBL4-2013-3 | ||
| 909 | |a Ρ |b 182231 | ||
| 909 | |a Ρ |b 182230 | ||
| 970 | |z 2013/10/24 | ||